00590nam a22001697a 4500003000400000005001700004008004100021017003900062020001800101040002400119100002500143245013600168260003900304300002600343504002600369650002500395OSt20200109171913.0200109e2019 sp df f 001 0dspa d aDL M 11839-2019bOficina DL Madrid a9788441541467 aES-BaUPCbcatcCDMR1 aRuiz Díez, Joseba,10aMarketing digital 360º b: implementación práctica : estrategias habituales y configuraciones avanzadas /cJoseba Ruiz Díez  aMadrid :bAnaya Multimedia ,c2019 a295 p. :bil ;c23 cm aBibliografia. Índex 0aMàrqueting digital